[Event "CAN-ch U12"]
[Site "Windsor"]
[Date "2016.07.08"]
[Round "7.53"]
[White "Mah, Sean Kenneth"]
[Black "Hemstapat, Andrew"]
[Result "0-1"]
[WhiteElo "1589"]
[BlackElo "1883"]
[PlyCount "68"]
[EventDate "2016.07.05"]
[EventType "swiss"]
[EventRounds "7"]
[EventCountry "CAN"]
[SourceTitle "EXT 2022"]
[Source "ChessBase"]
[SourceDate "2021.10.06"]
[SourceVersion "1"]
[SourceVersionDate "2021.10.06"]
[SourceQuality "1"]

1. e4 e6 2. d4 d5 3. e5 c5 4. c3 Nc6 5. Nf3 Bd7 6. a3 c4 7. Nbd2 Na5 8. b3 cxb3 9. Nxb3 Ba4 10. Rb1 Nxb3 11. Rxb3 Bxb3 12. Qxb3 Qb6 13. Bb5+ Kd8 14. Ng5 Nh6 15. Qa4 Be7 16. Nf3 a6 17. Bd3 Qc6 18. Qb3 Rc8 19. Bd2 Nf5 20. 0-0 Kd7 21. Rc1 b5 22. Ng5 f6 23. Nf3 Rhg8 24. Re1 g5 25. h3 g4 26. hxg4 Rxg4 27. Bxf5 exf5 28. Qc2 Rcg8 29. g3 Re4 30. Ra1 f4 31. Be1 Qe6 32. Nd2 Qh3 33. Nxe4 f3 34. Qd3 Qg2# 0-1

[Event "CAN-ch U12"]
[Site "Windsor"]
[Date "2016.07.06"]
[Round "3.52"]
[White "Mah, Sean Kenneth"]
[Black "Huang, Patrick"]
[Result "0-1"]
[WhiteElo "1640"]
[BlackElo "1942"]
[PlyCount "58"]
[EventDate "2016.07.05"]
[EventType "swiss"]
[EventRounds "7"]
[EventCountry "CAN"]
[SourceTitle "EXT 2022"]
[Source "ChessBase"]
[SourceDate "2021.10.06"]
[SourceVersion "1"]
[SourceVersionDate "2021.10.06"]
[SourceQuality "1"]

1. e4 c5 2. Nf3 d6 3. d4 cxd4 4. Nxd4 Nf6 5. Nc3 a6 6. f3 e5 7. Nb3 Be6 8. Bg5 Nbd7 9. Nd2 Qc7 10. Be2 Be7 11. f4 exf4 12. Bxf4 0-0 13. Nf3 b5 14. Qd4 Rfd8 15. Bd3 Nb6 16. e5 dxe5 17. Bxe5 Qb7 18. Qh4 h6 19. Qg3 Nc4 20. Be4 Qb6 21. Bxa8 Qe3+ 22. Ne2 Rxa8 23. Qf2 Qxf2+ 24. Kxf2 Ng4+ 25. Ke1 Ngxe5 26. Nxe5 Nxe5 27. Nc3 Nc4 28. Rd1 Nxb2 29. Rd2 Bb4 0-1

[Event "CAN-ch U12"]
[Site "Windsor"]
[Date "2015.07.09"]
[Round "7.56"]
[White "Mah, Sean Kenneth"]
[Black "Ju, Lawrence"]
[Result "1/2-1/2"]
[WhiteElo "1866"]
[BlackElo "1545"]
[PlyCount "42"]
[EventDate "2015.07.06"]
[EventType "swiss"]
[EventRounds "7"]
[EventCountry "CAN"]
[SourceTitle "EXT 2022"]
[Source "ChessBase"]
[SourceDate "2021.10.06"]
[SourceVersion "1"]
[SourceVersionDate "2021.10.06"]
[SourceQuality "1"]

1. e4 c5 2. Nf3 Nc6 3. d4 cxd4 4. Nxd4 g6 5. Nc3 Bg7 6. Be3 Nf6 7. f3 0-0 8. Bc4 Qb6 9. b3 Nxe4 10. Nd5 Qa5+ 11. b4 Nxb4 12. Nxe7+ Kh8 13. 0-0 Nd6 14. Bb3 Qe5 15. Re1 Qxe7 16. Bf4 Ne4 17. Rxe4 Qc5 18. Kh1 f5 19. Nxf5 gxf5 20. Bd6 Qc3 21. Rxb4 Re8 1/2-1/2

[Event "Edmonton int qual"]
[Site "Edmonton"]
[Date "2014.05.31"]
[Round "1"]
[White "Mah, Sean Kenneth"]
[Black "Miller, David"]
[Result "0-1"]
[WhiteElo "1469"]
[BlackElo "2178"]
[PlyCount "90"]
[EventDate "2014.05.31"]
[EventType "swiss"]
[EventRounds "5"]
[EventCountry "CAN"]
[SourceTitle "EXT 2022"]
[Source "ChessBase"]
[SourceDate "2021.10.06"]
[SourceVersion "1"]
[SourceVersionDate "2021.10.06"]
[SourceQuality "1"]

1. d4 e6 2. e3 c5 3. c3 Nf6 4. Bd3 Nc6 5. Ne2 d5 6. Nd2 cxd4 7. Nxd4 e5 8. Nxc6 bxc6 9. Nb3 e4 10. Be2 Bd6 11. 0-0 Bc7 12. c4 Qd6 13. g3 h5 14. c5 Qe6 15. f3 h4 16. g4 exf3 17. Bxf3 Nxg4 18. Bxg4 Qxg4+ 19. Qxg4 Bxg4 20. Nd4 Bd7 21. b3 Rh5 22. Bb2 f6 23. Rf2 0-0-0 24. a3 Re8 25. Re1 Rg5+ 26. Rg2 Rxg2+ 27. Kxg2 h3+ 28. Kh1 f5 29. Nf3 f4 30. exf4 Rxe1+ 31. Nxe1 Bxf4 32. Bxg7 Be3 33. Nc2 Bxc5 34. Bd4 Bxd4 35. Nxd4 c5 36. Ne2 d4 37. Kg1 d3 38. Kf2 dxe2 39. Kxe2 Be6 40. b4 c4 41. Kd2 Kc7 42. Kc3 Kc6 43. a4 Kd5 44. a5 Kc6 45. Kd4 Kb5 0-1

[Event "Edmonton int qual"]
[Site "Edmonton"]
[Date "2014.05.31"]
[Round "2"]
[White "Tran Ly, Tristan"]
[Black "Mah, Sean Kenneth"]
[Result "1-0"]
[WhiteElo "1870"]
[BlackElo "1469"]
[PlyCount "49"]
[EventDate "2014.05.31"]
[EventType "swiss"]
[EventRounds "5"]
[EventCountry "CAN"]
[SourceTitle "EXT 2022"]
[Source "ChessBase"]
[SourceDate "2021.10.06"]
[SourceVersion "1"]
[SourceVersionDate "2021.10.06"]
[SourceQuality "1"]

1. d4 d5 2. c4 e6 3. Nc3 Nf6 4. cxd5 exd5 5. Bg5 c6 6. Qc2 Be7 7. e3 0-0 8. Bd3 h6 9. Bh4 Re8 10. Nge2 Ne4 11. Bxe7 Qxe7 12. 0-0 b6 13. Rae1 Bb7 14. f3 Nd6 15. Ng3 Qc7 16. Nxd5 Qd7 17. Nc3 Na6 18. a3 c5 19. d5 c4 20. Bf5 Nxf5 21. Nxf5 Bxd5 22. Rd1 Re5 23. Rxd5 Rxd5 24. Nxd5 Qxd5 25. Ne7+ 1-0

[Event "Alberta-ch U20 op"]
[Site "Calgary"]
[Date "2013.11.09"]
[Round "1.1"]
[White "Wu, Chenxi"]
[Black "Mah, Sean Kenneth"]
[Result "1-0"]
[WhiteElo "1741"]
[BlackElo "1514"]
[PlyCount "93"]
[EventDate "2013.11.09"]
[EventType "swiss"]
[EventRounds "5"]
[EventCountry "CAN"]
[SourceTitle "EXT 2022"]
[Source "ChessBase"]
[SourceDate "2021.10.06"]
[SourceVersion "1"]
[SourceVersionDate "2021.10.06"]
[SourceQuality "1"]

1. e4 e5 2. Nf3 Nc6 3. Nc3 Nf6 4. Bb5 a6 5. Bxc6 dxc6 6. Nxe5 Bd6 7. Nf3 0-0 8. 0-0 Re8 9. Re1 Bg4 10. d3 Bc5 11. Bg5 h6 12. Bh4 g5 13. Bg3 h5 14. h3 Bxf3 15. Qxf3 h4 16. Bh2 Qd7 17. Qxf6 Re6 18. Qxg5+ Rg6 19. Qf5 Qd4 20. Ne2 Qg7 21. Nf4 Rg5 22. Nh5 Rxf5 23. Nxg7 Rxf2 24. Kh1 Kxg7 25. Rac1 Bb6 26. Rf1 Rxf1+ 27. Rxf1 Rf8 28. Be5+ f6 29. Bc3 Kg6 30. Be1 Kh5 31. Rf5+ Kg6 32. Bxh4 Rh8 33. Bxf6 Rf8 34. Bc3 Rxf5 35. exf5+ Kxf5 36. g4+ Kg5 37. Kg2 Bc5 38. Be5 Be7 39. Bxc7 Kh4 40. Bg3+ Kg5 41. Kf3 Kg6 42. h4 Kh6 43. Bf4+ Kg6 44. h5+ Kh7 45. Ke4 Kg7 46. Kf5 Kh7 47. g5 1-0